|
|
|
|
| LEADER |
04410nam a22005895i 4500 |
| 001 |
978-94-017-8896-0 |
| 003 |
DE-He213 |
| 005 |
20151204165558.0 |
| 007 |
cr nn 008mamaa |
| 008 |
140520s2014 ne | s |||| 0|eng d |
| 020 |
|
|
|a 9789401788960
|9 978-94-017-8896-0
|
| 024 |
7 |
|
|a 10.1007/978-94-017-8896-0
|2 doi
|
| 040 |
|
|
|d GrThAP
|
| 050 |
|
4 |
|a RC261-271
|
| 072 |
|
7 |
|a MJCL
|2 bicssc
|
| 072 |
|
7 |
|a MED062000
|2 bisacsh
|
| 082 |
0 |
4 |
|a 614.5999
|2 23
|
| 245 |
1 |
0 |
|a Intracellular Delivery II
|h [electronic resource] :
|b Fundamentals and Applications /
|c edited by Aleš Prokop, Yasuhiko Iwasaki, Atsushi Harada.
|
| 264 |
|
1 |
|a Dordrecht :
|b Springer Netherlands :
|b Imprint: Springer,
|c 2014.
|
| 300 |
|
|
|a XIX, 479 p. 168 illus., 110 illus. in color.
|b online resource.
|
| 336 |
|
|
|a text
|b txt
|2 rdacontent
|
| 337 |
|
|
|a computer
|b c
|2 rdamedia
|
| 338 |
|
|
|a online resource
|b cr
|2 rdacarrier
|
| 347 |
|
|
|a text file
|b PDF
|2 rda
|
| 490 |
1 |
|
|a Fundamental Biomedical Technologies,
|x 1559-7083 ;
|v 7
|
| 505 |
0 |
|
|a Editorial and Introduction to Volume 2 -- Part I Novel nanocarrier design and processing -- Proprietary nanofiber technologies and scale-up -- Magnetically responsive (nano)biocomposites.-Zwitterionic nanocarriers for gene delivery -- Stimuli-responsive polymeric nanocarriers as promising drug and gene delivery systems -- Photo-responsive polymeric nanocarriers for on-demand drug delivery -- Part II Nanocarrier characterization and function -- Considerations on uptake and intracellular trafficking of nanocarriers -- Mucus as physiological barrier to intracellular delivery -- Investigation of nanoparticles in biological objects by electron microscopy techniques -- Gold nanoparticles for high resolution imaging in modern immunocytochemistry -- Design of functional polymers for intracellular drug nucleic acids delivery -- Membrane-domain-selective drug targeting based on lipid modification -- Multifuntional protein-based nanoparticles for theragnosis -- Cytocompatible phospholipid polymer for noninvasive nanodevice -- Intracellular protein delivery using self-assembled amphiphilic polysaccharide nanogels -- Part III Simulation for delivery and function -- Molecular dynamics simulations of polyplexes and lipoplexes -- Computational studies of highly pegylated sterically stabilized micelles self-assembly and drug solubilization -- Toward intracellular delivery and drug discovery,Stochastic logic networks as efficient computational models for gene regulatory networks -- Part IV Nanocarriers for drug discovery and treatment -- Nanodiamonds as intracellular probes for imaging in biology and medicine -- Intracellular delivery of RNA using RNA-binding proteins or peptides -- Hyaluronic acid based nanofibers for wound dressing and drug delivery carriers -- Potential of siRNA therapy in chronic myeloid leukemia.
|
| 520 |
|
|
|a This volume is a continuation of Volume 1 following the previously published Editorial. More emphasis is given to novel nanocarrier designs, their characterization and function, and applications for drug discovery and treatment. A number of chapters will deal with nanofibers as a new major application within the biomedical field with a very high success rate particularly in wound healing and diabetic foot and spine injuries. A major new subdivision will deal with mathematical methods for the assembly of nanocarriers both for simulation and function.
|
| 650 |
|
0 |
|a Medicine.
|
| 650 |
|
0 |
|a Pharmacy.
|
| 650 |
|
0 |
|a Cancer research.
|
| 650 |
|
0 |
|a Bioorganic chemistry.
|
| 650 |
|
0 |
|a Cell biology.
|
| 650 |
|
0 |
|a Applied mathematics.
|
| 650 |
|
0 |
|a Engineering mathematics.
|
| 650 |
|
0 |
|a Nanotechnology.
|
| 650 |
1 |
4 |
|a Biomedicine.
|
| 650 |
2 |
4 |
|a Cancer Research.
|
| 650 |
2 |
4 |
|a Cell Biology.
|
| 650 |
2 |
4 |
|a Nanotechnology.
|
| 650 |
2 |
4 |
|a Appl.Mathematics/Computational Methods of Engineering.
|
| 650 |
2 |
4 |
|a Bioorganic Chemistry.
|
| 650 |
2 |
4 |
|a Pharmacy.
|
| 700 |
1 |
|
|a Prokop, Aleš.
|e editor.
|
| 700 |
1 |
|
|a Iwasaki, Yasuhiko.
|e editor.
|
| 700 |
1 |
|
|a Harada, Atsushi.
|e editor.
|
| 710 |
2 |
|
|a SpringerLink (Online service)
|
| 773 |
0 |
|
|t Springer eBooks
|
| 776 |
0 |
8 |
|i Printed edition:
|z 9789401788953
|
| 830 |
|
0 |
|a Fundamental Biomedical Technologies,
|x 1559-7083 ;
|v 7
|
| 856 |
4 |
0 |
|u http://dx.doi.org/10.1007/978-94-017-8896-0
|z Full Text via HEAL-Link
|
| 912 |
|
|
|a ZDB-2-SBL
|
| 950 |
|
|
|a Biomedical and Life Sciences (Springer-11642)
|